Väzba konsolidovanej účtovnej závierky na spoločný konsolidovaný základ dane z príjmov právnických osôb diplomová práca

Saved in:
Bibliographic Details
Main Author: Oriskóová, Denisa
Corporate Author: Fakulta hospodárskej informatiky EU. Katedra účtovníctva a audítorstva
Other Authors: Mokošová, Daša, 1979-
Format: Book
Language:Slovak
Published: Bratislava 2016
Tags: Add Tag
No Tags, Be the first to tag this record!

MARC

LEADER 00000nbm a2200000 4500
001 0216868
005 20240905101521.0
041 0 |a slo 
044 |a SK 
245 1 0 |a Väzba konsolidovanej účtovnej závierky na spoločný konsolidovaný základ dane z príjmov právnických osôb  |b diplomová práca  |c Denisa Oriskóová ; školiteľ: Daša Mokošová 
264 1 |a Bratislava  |c 2016 
300 |a 74 s. 
100 1 |a Oriskóová, Denisa 
700 1 |a Mokošová, Daša, 1979- 
710 2 |a Fakulta hospodárskej informatiky EU. Katedra účtovníctva a audítorstva